La correspondencia de Annual : (Record no. 194917)
[ view plain ]
| 000 -LEADER | |
|---|---|
| campo de control de longitud fija | 02006nam a2200337 i 4500 |
| 001 - NÚMERO DE CONTROL | |
| campo de control | 194917 |
| 003 - IDENTIFICADOR DE NÚMERO DE CONTROL | |
| campo de control | SpMaBN |
| 005 - FECHA Y HORA DE LA ÚLTIMA TRANSACCIÓN | |
| campo de control | 20250708193526.0 |
| 008 - DATOS DE LONGITUD FIJA--INFORMACIÓN GENERAL | |
| campo de control de longitud fija | 240522s2023 sp | |||| 000 0 spa |
| 015 ## - NÚMERO DE BIBLIOGRAFÍA NACIONAL | |
| Número de bibliografía nacional | MON23 |
| 017 ## - NÚMERO DE COPYRIGHT O DE DEPÓSITO LEGAL | |
| Número de copyright o de depósito legal | ML 9-2023 |
| Agencia que asigna | Oficina Depósito Legal Melilla |
| 020 ## - NÚMERO INTERNACIONAL ESTÁNDAR DEL LIBRO | |
| Número Internacional Estándar del Libro | 9788494791345 |
| 040 ## - FUENTE DE CATALOGACIÓN | |
| Centro catalogador/agencia de origen | SpMaBN |
| Lengua de catalogación | spa |
| Centro/agencia transcriptor | SpMaBN |
| Normas de descripción | rda |
| 100 ## - ENTRADA PRINCIPAL--NOMBRE DE PERSONA | |
| Nombre de persona | Marchante Moralejo, Carmen |
| 9 (RLIN) | 236546 |
| Término indicativo de función/relación | Autor |
| 245 1# - MENCIÓN DEL TÍTULO | |
| Título | La correspondencia de Annual : |
| Resto del título | escritos de los familiares de soldados y oficiales en las posiciones de la Comandancia General de Melilla al Ministerio de la Guerra. Estudio preliminar y edición comentada de los textos / |
| Mención de responsabilidad, etc. | Carmen Marchante Moralejo ; prefacio de Santiago Domínguez Llosá |
| 264 #1 - PRODUCCIÓN, PUBLICACIÓN, DISTRIBUCIÓN, FABRICACIÓN Y COPYRIGHT | |
| Nombre del de productor, editor, distribuidor, fabricante | Universidad Nacional de Educación a Distancia. Centro Asociado de Melilla, |
| Fecha de producción, publicación, distribución, fabricación o copyright | 2023 |
| 300 ## - DESCRIPCIÓN FÍSICA | |
| Extensión | 752 páginas ; |
| Dimensiones | 24 cm |
| 336 ## - TIPO DE CONTENIDO | |
| Término de tipo de contenido | Texto |
| Fuente | rdacontent |
| 337 ## - TIPO DE MEDIO | |
| Nombre/término del tipo de medio | sin mediación |
| Fuente | rdamedia |
| 338 ## - TIPO DE SOPORTE | |
| Nombre/término del tipo de soporte | volumen |
| Fuente | rdacarrier |
| 520 ## - RESUMEN, ETC. | |
| Sumario, etc. | Estos escritos muestran muy claramente el inicio de un proceso de duelo individual y colectivo que queda en suspenso, truncado, y que tiene unas consecuencias inimaginables para la historia posterior. A través de ellos se percibe la auténtica dimensión del desastre de Annual que literalmente dejó sin habla y sin la posibilidad de elabrorar un discurso coherente. |
| 650 #7 - PUNTO DE ACCESO ADICIONAL DE MATERIA--TÉRMINO DE MATERIA | |
| Fuente del encabezamiento o término | embne |
| 9 (RLIN) | 176053 |
| Término de materia o nombre geográfico como elemento de entrada | Desastre de Annual, 1921 |
| 700 ## - ENTRADA AGREGADA--NOMBRE PERSONAL | |
| Nombre de persona | Domínguez Llosá, Santiago |
| Término indicativo de función/relación | Autor de introducción |
| 9 (RLIN) | 238719 |
| 852 ## - LOCALIZACIÓN | |
| Ubicación | ES-MaACL |
| Ubicación en estantería | Depósito J |
| Número de control de estantería | N-9907 |
| Anotaciones manuscritas | Dedicatoria autógrafa de la autora |
| Donativo/Legado | Donación: Carmen Marchante Moralejo |
| Encuadernación | Encuadernación rústica con solapas |
| itemnumber | 205819 |
| 903 ## - NOMBRE PERSONAL DE DONANTE | |
| 9 | 236546 |
| a | Marchante Moralejo, Carmen |
| e | Donante |
| 942 ## - ELEMENTOS DE ENTRADA SECUNDARIOS (KOHA) | |
| Tipo de ítem Koha | Libro impreso |
| Suprimir en OPAC | No |
| Estatus retirado | Estado de pérdida | Fuente del sistema de clasificación o colocación | Estado de daño | No para préstamo | Colección | Biblioteca de origen | Biblioteca actual | Ubicación en estantería | Fecha de adquisición | Fuente de adquisición | Total de préstamos | Signatura topográfica completa | Código de barras | Visto por última vez | Precio de reemplazo | Tipo de ítem Koha |
|---|---|---|---|---|---|---|---|---|---|---|---|---|---|---|---|---|
| Clasificación decimal universal | Libros con dedicatorias | Biblioteca del Ateneo de Madrid | Biblioteca del Ateneo de Madrid | Depósito J | 26/05/2025 | Donación | N-9907 | 101230166 | 26/05/2025 | 26/05/2025 | Libro impreso |
